000
00316nam a2200157Ia 4500
008
210210b xxu||||| |||| 00| 0 eng d
041
_a
eng
082
_a
444/212
100
_a
REGNARD (J F)
245
_a
Le joueur
260
_a
-
_b
-
_c
650
_a
Le
650
_a
joueur
690
_a
French
906
_a
006407
999
_c
129428
_d
129428